000 00730nam a22002297a 4500
003 UA-OsUOA
001 34335
007 ta
008 20050927b un ||||| |||| 00| 0 ukr d
090 _a821.161.1
_bС 77
942 _cBK
040 _aUA-OsUOA
_brus
_cUA-OsUOA
_dUA-OsUOA
245 _aСтарые годы
_bрусские исторические повести и расскказы первой половины 20 го века
300 _a367 с.
955 _a3
041 _arus
080 _a821.161.1
020 _a5-280-00756-0
260 _aМ.
_bХудожественная литература
_c1989
650 7 _a82 Література. Літературознавство
_2UDC
999 _c320707
_d320707